000 00611nab a2200181 4500
001 244442
003 OSt
005 20240625114122.0
007 tu
008 200917s2020|||||||
040 _aDE-2950
_cDE-2950
245 0 0 _aExtrachor gibt letztes Konzert
_bMusik. Hans-Jürgen Taube gibt nach dem Auftritt am Donnerstag die Leitung ab. Doch für die Singe-Gemeinschaft soll es eine Zukunft geben/
_cInes Weber-Rath
264 _c2024
653 _aFrankfurt (Oder)
653 _aExtrachor
773 0 _g35. Jahrgang (2024) Nr. 141 vom 19.06.2024, S. 16, mit Foto
_tMärkische Oderzeitung
942 _2z
_cA
999 _c373212
_d373212